000 00361nam a22001697a 4500
005 20260326115959.0
020 _a9789349036536
041 _aEnglish
082 _a001 R26 DEV
100 _aDevakumar G
245 _aSoft Skills
250 _a01
260 _aChennai
_bNational Academic Press
_c2026
300 _a210
365 _b1000.00
942 _cBK
999 _c177096
_d177096